000 01024cad a22001935a 4500
001 E147344
008 090501e20080110xxk 000 0 eng d
035 _a(Sirsi) u147344
041 0 _aeng
245 0 0 _aJohn Hamilton and Isabella Jamieson Hamilton v Dr Alan Robertson and Elinor E. Robertson and Others
_bopinion
_h[electronic resource]
260 _c2008
520 _aLTS/TC/2007/21 10 January 2008. Concerned an application to vary title conditions in order to permit an additional house to be built on the applicants' property. Three neighbours opposed the application. "Held": application refused.
650 2 4 _aJOHN HAMILTON AND ISABELLA JAMIESON HAMILTON V DR ALAN ROBERTSON AND ELINOR E ROBERTSON AND ORS
650 2 4 _aTITLE CONDITIONS (SCOTLAND) ACT 2003
651 4 _aScotland
_y1999-
690 _aPlanning and development
_96259
856 4 0 _uhttps://www.lands-tribunal-scotland.org.uk/decisions/LTS.TC.2007.21.html
_zView the decision free of charge at www.lands-tribunal-scotland.org.uk...
942 _n0
999 _c81493
_d81493